<?xml version="1.0" encoding="UTF-8"?><?xml-stylesheet type="text/xsl" href="static/style.xsl"?><OAI-PMH xmlns="http://www.openarchives.org/OAI/2.0/" xmlns:xsi="http://www.w3.org/2001/XMLSchema-instance" xsi:schemaLocation="http://www.openarchives.org/OAI/2.0/ http://www.openarchives.org/OAI/2.0/OAI-PMH.xsd"><responseDate>2026-06-04T06:30:30Z</responseDate><request verb="GetRecord" identifier="oai:recam.amb.cat:20.500.14439/2200" metadataPrefix="marc">https://recam.amb.cat/rest/oai/request</request><GetRecord><record><header><identifier>oai:recam.amb.cat:20.500.14439/2200</identifier><datestamp>2024-12-08T18:12:54Z</datestamp><setSpec>com_20.500.14439_113</setSpec><setSpec>col_20.500.14439_114</setSpec></header><metadata><record xmlns="http://www.loc.gov/MARC21/slim" xmlns:dcterms="http://purl.org/dc/terms/" xmlns:xsi="http://www.w3.org/2001/XMLSchema-instance" xmlns:doc="http://www.lyncode.com/xoai" xsi:schemaLocation="http://www.loc.gov/MARC21/slim http://www.loc.gov/standards/marcxml/schema/MARC21slim.xsd">
   <leader>00925njm 22002777a 4500</leader>
   <datafield ind2=" " ind1=" " tag="042">
      <subfield code="a">dc</subfield>
   </datafield>
   <datafield ind2=" " ind1=" " tag="720">
      <subfield code="a">Àrea Metropolitana de Barcelona</subfield>
      <subfield code="e">author</subfield>
   </datafield>
   <datafield ind2=" " ind1=" " tag="720">
      <subfield code="a">Euro-Latin American Alliance of Cooperation between Cities</subfield>
      <subfield code="e">author</subfield>
   </datafield>
   <datafield ind2=" " ind1=" " tag="260">
      <subfield code="c">2020-01-01</subfield>
   </datafield>
   <datafield ind2=" " ind1=" " tag="520">
      <subfield code="a">El present informe recull el contingut i els resultats del Seminari d'Estratègies Internacionals a les Àrees Metropolitanes, celebrat el 4 i 5 de juliol de 2019 a Barcelona. S'hi presenten les conclusions de l'estudi del CIDOB sobre les estratègies internacionals de cinc ciutats globals (Durban, Medellín, Montreal, Seül i Viena) i s'hi recullen les principals experiències referents a estratègies internacionals metropolitanes dels més de 30 experts que hi van contribuir, en relació amb tres eixos: la dimensió econòmica, la importància del capital humà i la participació dels actors del territori per reforçar-les. L'estudi vol contribuir a millorar i reforçar les estratègies internacionals de les metròpolis i, d'aquesta manera, apropar-les als beneficis que una estratègia coherent, global i integrada pot oferir.</subfield>
   </datafield>
   <datafield ind1="8" ind2=" " tag="024">
      <subfield code="a">https://hdl.handle.net/20.500.14439/2200</subfield>
   </datafield>
   <datafield ind1="8" ind2=" " tag="024">
      <subfield code="a">8826945</subfield>
   </datafield>
   <datafield ind1="8" ind2=" " tag="024">
      <subfield code="a">B 3584-2020</subfield>
   </datafield>
   <datafield tag="653" ind2=" " ind1=" ">
      <subfield code="a">Ciutats </subfield>
   </datafield>
   <datafield ind2="0" ind1="0" tag="245">
      <subfield code="a">Estratègies internacionals a les metròpolis</subfield>
   </datafield>
</record></metadata></record></GetRecord></OAI-PMH>